Una carta a Maritain / (Registro nro. 14063)

Detalles MARC
000 -LIDER
fixed length control field 01330nam a2200349 a 4500
001 - NÚMERO DE CONTROL
Identificador de número de control
003 - IDENTIFICACDOR DE NÚMERO DE CONTROL
control field DO-SdBNP
005 - DATE AND TIME OF LATEST TRANSACTION
control field 20220311074549.0
008 - ELEMENTOS DE LONGITUD FIJA
fixed length control field 090626s2007 dr a 001 0 spa d
020 ## - ISBN
International Standard Book Number 9789945020243
040 ## - FUENTE DE CATALOGACIÓN
Agencia que crea de manera original el registro DO-SdBNP
Idioma de catalogación spa
Agencia que realiza la transcripción BPMSU
082 ## - NÚMERO DE CLASIFICACIÓN DECIMAL DE DEWEY
Classification number 199.97293
Item number G216u 2007
Edition number 22
100 1# - ASIENTO PRINCIPAL -- NOMBRE PERSONAL
Nombre personal Avelino, Andrés,
Fechas asociadas con el nombre 1900-1974
240 #0 - TITULO UNIFORME
Idioma de una obra Español
240 10 - TITULO UNIFORME
Idioma de una obra español
245 10 - MENCIÓN DE TITULO
Título Una carta a Maritain /
Mención de responsabilidad traducción presentación y comentarios Jesús Hernández Martínez ; editor Dantes Ortiz.
260 ## - PUBLICACIÓN, DISTRIBUCIÓN, ETC. (PIE DE IMPRENTA)
Lugar de publicación, distribución, etc Santo Domingo :
Nombre del editor, distribuidor, etc. Archivo General de la Nación,
Fecha de publicación, distribución, etc 2007.
300 ## - DESCRIPCIÓN FÍSICA
Extensión 118 p. :
Otros detalles físicos il. ;
Dimensiones 24 cm.
490 0# - MENCIÓN DE SERIES
Mención de serie Publicaciones del Archivo General de la Nación
Volume/sequential designation 39
500 ## - NOTA GENERAL
Nota general Incluye índice onomástico
533 ## - NOTA DE REPRODUCCIÓN
Tipo de producción Facsímil:
Lugar de reproducción Ciudad Trujillo, República Dominicana:
Agencia responsable de la reproducción Editora Montalvo,
Fecha de reproducción 1944
534 ## - NOTA SOBRE LA VERSIÓN ORIGINAL
Asiento principal del original Título original :
Mención del título original Une lettre á Maritain
590 ## - NOTA LOCAL
Texto de la nota local Inventariado, 2022/VM
600 14 - ENCABEZAMIENTO DE MATERIA--NOMBRE PERSONAL
Nombre personal Maritain, Jacques,
Fechas asociadas con el nombre 1882-1973
Mención de responsabilidad Correspondencia, memorias, etc.
650 14 - ENCABEZAMIENTO DE MATERIA--TEMÁTICO
Término temático o nombre geográfico como elemento de entrada Cartas dominicanas
650 14 - ENCABEZAMIENTO DE MATERIA--TEMÁTICO
Término temático o nombre geográfico como elemento de entrada Filósofos dominicanos
Subdivisión temática general Correspondencia, memorias, etc.
700 1# - ASIENTO SECUNDARIO -- NOMBRE PERSONAL
Nombre personal Hernández Martínez, Jesús, padre
Mención de responsabilidad traductor
700 1# - ASIENTO SECUNDARIO -- NOMBRE PERSONAL
Nombre personal Ortiz, Dantes,
Mención de responsabilidad editor
830 #0 - ASIENTO SECUNDARIO DE SERIE--TÍTULO UNIFORME
Título uniforme Publicaciones del Archivo General de la Nación
Número de la parte o sección de una obra 39
910 ## - VALIDACIÓN
Validación VMateo V.
942 ## - ADDED ENTRY ELEMENTS (KOHA)
Source of classification or shelving scheme Dewey Decimal Classification
Koha item type Libros
Existencias
Withdrawn status Lost status Source of classification or shelving scheme Damaged status Not for loan Collection code Home library Current library Date acquired Total Checkouts Full call number Barcode Date last seen Price effective from Koha item type
    Dewey Decimal Classification     Colección Dominicana Biblioteca Pública Metropolitana Salomé Ureña Biblioteca Pública Metropolitana Salomé Ureña 03/11/2022   BPMSU CD 199.97293 G216u 2007 BPMSU22030022 03/11/2022 03/11/2022 Libros